=LDR 00000nam 2200000 4500 =001 INLIS000000000029499 =005 20130612131728 =008 ***********************************Ind** =035 ##$$0010-061300000029499 =041 ##$$a Ind =082 ##$$a 899.211 2 =090 ##$$a 899.211 2, Wij r =100 ##$$a Wjaya, Putu =245 ##$$a Putu, Putu Wijaya =260 ##$$a 1973 $b Jakarta =300 ##$$a 54 hlm, 21 cm =650 ##$$a Sastra Indonesia =850 ##$$a NBPNMAT